[Event "SLO-chT1 East"]
[Site "Celje"]
[Date "2007.11.09"]
[Round "2"]
[White "Pleic, Jure"]
[Black "Cetina, Klemen"]
[Result "0-1"]
[WhiteElo "1772"]
[BlackElo "2194"]
[PlyCount "70"]
[EventDate "2007.11.11"]
[EventType "team-tourn"]
[EventRounds "9"]
[EventCountry "SLO"]
[SourceTitle "EXT 2010"]
[Source "ChessBase"]
[SourceDate "2010.11.25"]
[SourceVersion "1"]
[SourceVersionDate "2010.11.25"]
[SourceQuality "1"]

1. e4 c5 2. Nf3 Nc6 3. d3 g6 4. Be3 d6 5. Be2 Bg7 6. c3 Nf6 7. h3 0-0 8. 0-0 e5 9. Nbd2 Nh5 10. Re1 Nf4 11. Bf1 f5 12. exf5 Rxf5 13. Bxf4 Rxf4 14. Ne4 h6 15. Qb3+ Kh8 16. Qd5 Bf8 17. Re3 Qe7 18. Qb3 Be6 19. Qd1 d5 20. Ng3 Bg7 21. Qd2 Raf8 22. Ne2 R4f7 23. Kh2 h5 24. Re1 Bh6 25. Neg1 d4 26. cxd4 cxd4 27. Nxd4 exd4 28. Rxe6 Qc7+ 29. Kh1 Bxd2 30. R1e4 Rxf2 31. Rxg6 Rxf1 32. Rh4 R8f5 33. g4 Qg3 34. Rxh5+ Rxh5 35. gxh5 Qf3+ 0-1

[Event "SLO-chT2 East"]
[Site "Velenje"]
[Date "2005.09.29"]
[Round "3"]
[White "Pleic, Jure"]
[Black "Velec, Martina"]
[Result "1/2-1/2"]
[WhiteElo "1770"]
[BlackElo "1740"]
[PlyCount "25"]
[EventDate "2005.05.27"]
[EventType "team"]
[EventRounds "9"]
[EventCountry "SLO"]
[SourceTitle "EXT 2009"]
[Source "ChessBase"]
[SourceDate "2008.11.26"]
[SourceVersion "1"]
[SourceVersionDate "2008.11.26"]
[SourceQuality "1"]

1. e4 c5 2. c3 g6 3. Nf3 Bg7 4. Bc4 Nc6 5. 0-0 Nf6 6. Re1 0-0 7. h3 d5 8. exd5 Nxd5 9. Na3 a6 10. Nc2 b5 11. Bf1 e5 12. a4 b4 13. Ne3 1/2-1/2

[Event "SLO-chT2"]
[Site "Slovenia"]
[Date "2003.05.15"]
[Round "3"]
[White "Bresar, Boris"]
[Black "Pleic, Jure"]
[Result "1-0"]
[WhiteElo "2012"]
[BlackElo "1758"]
[PlyCount "119"]
[EventDate "2003.05.02"]
[EventType "team"]
[EventRounds "9"]
[EventCountry "SLO"]
[SourceTitle "EXT 2005"]
[Source "ChessBase"]
[SourceDate "2004.11.15"]
[SourceVersion "1"]
[SourceVersionDate "2004.11.15"]
[SourceQuality "1"]

1. d4 d6 2. c4 Nf6 3. Nc3 a6 4. Nf3 Bg4 5. e3 e6 6. Be2 Be7 7. 0-0 0-0 8. b3 Re8 9. Bb2 c6 10. Qc2 Nbd7 11. h3 Bh5 12. g4 Bg6 13. Bd3 Bxd3 14. Qxd3 h6 15. Ne2 d5 16. Nd2 Nh7 17. Ng3 Bf8 18. Kg2 dxc4 19. Nxc4 Qh4 20. f4 c5 21. Nd2 b5 22. g5 hxg5 23. Nf3 Qh6 24. f5 exf5 25. Nxf5 Qf6 26. Nh2 Qc6+ 27. d5 Qc7 28. e4 Ne5 29. Qc2 g6 30. Ne3 Bg7 31. Rae1 Nf6 32. Rf2 Nh5 33. Kh1 Nf4 34. Bxe5 Bxe5 35. Rf3 Rac8 36. Neg4 Bg7 37. h4 gxh4 38. Qd2 g5 39. d6 Qd7 40. e5 Re6 41. Qc2 f6 42. Rxf4 gxf4 43. Qg6 Kf8 44. Nf3 Rce8 45. Qh7 fxe5 46. Ngxe5 Rxe5 47. Nxe5 Qh3+ 48. Kg1 Qg3+ 49. Kf1 h3 50. Nd7+ Kf7 51. Qh5+ Qg6 52. Qxg6+ Kxg6 53. Rxe8 f3 54. Kf2 h2 55. Re1 Bd4+ 56. Kxf3 Bg1 57. Kg2 c4 58. bxc4 bxc4 59. Ne5+ Kf5 60. Nxc4 1-0